000
00311nam a2200109Ia 4500
008
200302s9999 xx 000 0 und d
100
_a
Roger Hicks & other
245
_a
Quality Photography How to Take Process & Print Excellent Photo Graphs
260
_b
David & Charles Ltd.
260
_c
2000
300
_a
192 P.,
999
_c
1534
_d
1534